Normal view
MARC view
- Shehzad, Ahmad (330100)
Entry Personal Name
001 - CONTROL NUMBER
- control field: 120035
003 - CONTROL NUMBER IDENTIFIER
- control field: NUST
005 - DATE AND TIME OF LATEST TRANSACTION
- control field: 20240122162151.0
008 - FIXED-LENGTH DATA ELEMENTS
- fixed length control field: 240122|| aca||aabn | a|a d
040 ## - CATALOGING SOURCE
- Original cataloging agency: NUST
- Transcribing agency: NUST
100 ## - HEADING--PERSONAL NAME
- Personal name: Shehzad, Ahmad (330100)
670 ## - SOURCE DATA FOUND
- Source citation: Work cat.: (NUST): Shehzad, Ahmad (330100), Coordinated Generation and Transmission Expansion Planning with High Proportion of Renewable Energy Penetration /
